000 00461 a2200157 4500
005 20250603160827.0
020 _a0-471-45223-8
082 _aT E A LECT 330.024
100 _aTRUETT, L . J .
245 _aManagerial Economics : Analysis, Problems, Cases
250 _a8th Ed.
260 _aNew York,
_bJohn Wile & sons, Inc,
_c2004.
300 _axxvi, 742p.: ill.; figure, table,
_bglossary & index,
_c24cm.
700 _aTRUETT, D . B .
942 _2ddc
_cBKS
999 _c3117
_d3117